00757nam a2200217Ia 4500003000900000008004100009040001300050040001300063041000800076100002000084245004400104250001100148260001200159260000900171300001200180490000600192600011200198942000700310999001700317952020500334IT-RoPAU120407s9999 xx 000 0 und d aIT-RoPAU cIT-RoPAU aita aDidimo il Cieco aSur la Genése. (Testo greco-francese) aParis  aDu Cerf c1976 c19,5 cm v1 a" t. 1° Intr.- Trad. - Notes 333 p. (S. C., 233) t. 2° Intr. -Trad. - Notes 347 p. ( S. C. 244)" cBK c14023d14023 00102ddc406276_800000000000000_323371aPAULUSbPAULUSd2012-04-11l0o276.8.3233r2012-04-11 00:00:00w2012-04-11yBKzInserito da: Mario In data: 06 agosto 2011 fondo: Via A.Severo 56 Progr:34327